Normal view MARC view
  • Wittmer, Margret,

Entry Nombre Personal

Number of records used in: 1

001 - NUMERO DE CONTROL

  • campo de control: 43489

003 - IDENTIFICADOR DE NUMERO DE CONTROL

  • campo de control: UPN

005 - FECHA Y HORA DE LA ÜLTIMA TRANSACCIÓN

  • campo de control: 20211110110548.0

008 - DATOS DE LONGITUD FIJA

  • campo de control de longitud fija: 211110|g aca||aabn | aaa d

040 ## - FUENTE DE CATALOGACIÓN

  • Agencia original de catalogación: UPN

100 1# - ENCABEZAMIENTO - NOMBRE PERSONAL

  • Nombre personal: Wittmer, Margret,
  • Fechas asociadas con el nombre: 1904-2000

670 ## - FUENTE EN LA QUE SE LOCALIZARON DATOS

  • Cita de la fuente: LC/P

680 ## - NOTA PUBLICA DE ACCESO PÚBLICO

  • Frase explicativa de la referencia: Colonizadora original de la Isla Floreana en las Islas Galápagos

902 ## - CATALOGADOR

  • Catalogador: CAA/101121